4 Characters, 1 Novel Quiz Stats

 Plays Quiz Updated Jan 12, 2016

Challenge
Share
Tweet
Score 0/16 Timer 06:00
3 Plays Today
% Correct
Luna Lovegood
88.4%
Gandalf
83.6%
Willy Wonka
83.4%
Arya Stark
74.1%
Katniss Everdeen
66%
Aslan
65.5%
Bella Swan
51.8%
Fantine
51.4%
% Correct
Jay Gatsby
51.3%
Boxer
49.1%
Charles Bingley
42.1%
Scarlett O'Hara
39.3%
Sophie Neveu
29.9%
Pip
28%
Heathcliff
20.5%
Templeton
19%

You're not logged in!

Compare scores with friends on all Sporcle quizzes.
OR
Log In

You Might Also Like...

Show Comments

Extras

Top Quizzes Today


Score Distribution

Your Account Isn't Verified!

In order to create a playlist on Sporcle, you need to verify the email address you used during registration. Go to your Sporcle Settings to finish the process.

Report this User

Report this user for behavior that violates our Community Guidelines.

Details: